00675nam a2200241 a 4500001001300000003000900013005001700022008004100039020001000080082001600090100001700106245005100123260003300174300000800207500003500215505002200250650001900272700001700291902000800308942000700316952009500323999001500418nice12345678IN_TiNIC20260116011549.0050524s1898 lona grp 000 0 eng  ac10000a891.51bLEA aLeaf, Walter aVersions from Hafiz, an Essay in Persian Metre aLondonbGrant Richardsc1898 a76p aincludes index and biblioraphy2 aAppendix, Indices aPersian Poetry1 aLeaf, Walter bRBA cBK 00104070aHMIbHMId2007-06-01g100.00l0o891.51 LEAp788r2007-06-01w2026-01-16yARB c2629d2629